50 films à remplir - 2000 - Statistiques

Statistiques générales
  • Ce quiz a été pris 226 fois
    190 depuis la dernière actualisation
  • Le résultat moyen est 32 sur 50
Statistiques - réponses
Hint Réponse % Correct
Scary ... Movie
91%
Sixième ... Sens
91%
Mission: ... 2 Impossible
88%
Yi ... Yi
88%
Destination ... Finale
87%
60 secondes ... Chrono
85%
Ce que veulent les ... Femmes
85%
Les rivières ... Pourpres
84%
... au monde Seul
84%
...-Men X
84%
Charlie et ses Drôles de ... Dames
83%
Le ... (How the ... Stole Christmas) Grinch
82%
Chicken ... Run
81%
Kuzco, l'empereur ... Mégalo
80%
... for a Dream Requiem
80%
Harry, un ... qui vous veut du bien Ami
75%
Un ... Meilleur Monde
75%
... et Princesses Princes
75%
Batman, la Relève: Le ... du Joker Retour
75%
Billy ... Elliot
73%
In the mood for ... Love
72%
Mon voisin le ... Tueur
72%
Ressources ... Humaines
71%
La ... d'Eldorado Route
70%
American ... Psycho
69%
En Pleine ... Tempête
67%
Eh mec, elle est où ma ... ? Caisse
66%
Battle ... Royale
65%
La ... des officiers Chambre
61%
Le ... des autres Goût
59%
Les Chemins de la ... Dignité
58%
La ... est Tranquille Ville
58%
O'... Brother
54%
... to Mars Mission
53%
La Faute à ... Voltaire
52%
... Chiennes Amours
51%
... d'Irène Fous
51%
Space ... Cowboys
50%
..., mon frère Aniki
49%
... pour le chocolat Merci
49%
... et Dragon Tigre
48%
Le plus beau des ... Combats
47%
... in the Dark Dancer
47%
... : Tu Braques ou tu raques Snatch
45%
Bone ... Collector
44%
... Black Pitch
38%
... mais pas trop Escrocs
37%
Pokémon : Le ... des Zarbi Sort
35%
... Kahn Esther
30%
... Security Area Joint
27%
Aucun quiz correspondant
Distribution des résultats
% des personnes avec chaque résultat
Percentile par nombre de réponses
Votre historique - résultats
Vous n’avez pas pris ce quiz depuis la dernière actualisation